• 首页
  • 本馆介绍
  • 公告通知
  • 最新文献
  • 馆藏检索
  • 电子资源
  • 读者导购
  • 参考咨询
  • 我的图书馆
  • 登录
  • 详细信息显示
  • 放入我的书架
  • 预约/预借图书
  • 作者相关作品
  • 分类相关作品
  • 丛书相关作品
  • 出版社相关作品

书目信息

  • 表格格式
  • 工作单格式
  • 卡片格式
题名:
南京国民政府外交部公报
    
 
作者: ;中国第二历史档案馆 编
分册: 1   总目录
出版信息: 南京   江苏古籍出版社  1990.4
页数: 698页
开本: 26厘米
丛书名:
单 册:
中图分类: K262.906
科图分类:
主题词: 外交部--公报--中国--民国 , 中国--历史
电子资源:
ISBN: 7-80519-146-8
000 00889nam 2200253 45
001 0191008565
005 20060915102149.17
010    @a7-80519-146-8@b精装@dCNY88.10
100    @a19910423e1990 ekma0chiy0121 ea
101 0  @achi
102    @aCN@b320000
105    @ac z 000yy
200 10 @a南京国民政府外交部公报@ANAN JING GUO MIN ZHENG FU WAI JIAO BU GONG BAO@h1@i总目录@f中国第二历史档案馆编@FZHONG GUO DI ER LI SHI DANG AN GUAN BIAN
205    @b影印本
210    @a南京@c江苏古籍出版社@d1990.4
215    @a698页@c肖像@d26厘米
517 1  @a总目录@Azong mu lu
540 1  @a南京国民政府 外交部公报@Anan jing guo min zheng fu wai jiao bu gong bao
606    @a外交部@x公报@y中国@z民国
606 0  @a中国@x历史
690    @aK262.906@v3
711 02 @a中国第二历史档案馆@AZHONG GUO DI ER LI SHI DANG AN GUAN@4编
801  0 @aCN@bTSSF@c20060915
905    @a10447@dK262.906@e27:1
    
    南京国民政府外交部公报.1.总目录/中国第二历史档案馆编.-影印本.-南京:江苏古籍出版社,1990.4
    698页:肖像;26厘米
    
    
    ISBN 7-80519-146-8(精装):CNY88.10
    
●
相关链接 在E读中查询图书 在五车中查询图书 在当当中查询图书 在豆瓣中查询图书


正题名:南京国民政府外交部公报     索取号:K262.906/27:1         预约/预借

序号 登录号 条形码 馆藏地/架位号 状态 备注
1 0260928   000814952   古籍典藏专区/ [索取号:K262.906/27:1] 在馆    
唐山师范学院图书馆 欢迎您!
大连网信软件有限公司© 版权所有